000 00575nam a2200169Ia 4500
008 090201s9999 xx 000 0 und d
010 _aKPL-29706
040 _bमराठी
041 _aमराठी
082 _a32892
_b29706
100 _aवसंत नरहर फेणे
245 _aसावल्यांची लीपी
_cवसंत नरहर फेणे
260 _c2004
_bश्री विशाखा प्रकाशन
300 _a159
_bमोठा
600 _aसावल्यांची लीपी
942 _cBOOK
999 _c231168
_d231168